000 00242nam a2200109Ia 4500
008 190216s9999||||xx |||||||||||||| ||und||
100 _aSumithranath Panth
245 0 _aHindi-Chidambara
260 _bRajkamal
650 _aHindi
942 _cBK
999 _c15243
_d15243